000 01060nam a22004452 4500
001 0000025188
003
005 20151217161600.0
008 150223s xx 000 0 eng d
010 _a
020 _a
_c
040 _aKABUl
_cKABU
041 1 _a
_b
_h
100 1 _aTibbs, Charles Yugi,
_d
_@0000185647
240 1 _a
245 1 0 _aEffects of corporate governance on the value of selected firms quoted at Nairobi security exchange Kenya :
_b
_cCharles Yugi Tibbs.
246 3 _a
250 _a
260 _aNakuru, Kenya :
_bKabarak University,
_c2014.
300 _axv, 138p :
_bill. ;
_c
440 0 _a
500 _a
504 _a
505 0 _a
520 _a
521 2 _a
590 _a
591 _a
_b
600 1 0 _a
_d
610 2 0 _a
_b
650 0 _acorporate governance
_x
_@0000185648
650 0 _asecurity exchange
_x
_@0000185649
651 0 _a
_x
690 _a
700 1 0 _a
_d
710 2 _a
_b
740 0 2 _a
908 _a150223
999 _c15443
_d15443